Welcome to CU Library Online Public Access Catalogue (OPAC)

Crime, Criminal Justice and Human Rights (Record no. 961)

MARC details
000 -LEADER
fixed length control field 00421nam a22001457a 4500
005 - DATE AND TIME OF LATEST TRANSACTION
control field 20241109143614.0
008 - FIXED-LENGTH DATA ELEMENTS--GENERAL INFORMATION
fixed length control field 241109b |||||||| |||| 00| 0 eng d
020 ## - INTERNATIONAL STANDARD BOOK NUMBER
International Standard Book Number 9788122006186
100 ## - MAIN ENTRY--PERSONAL NAME
Personal name Bhardwaj H.R.
245 ## - TITLE STATEMENT
Title Crime, Criminal Justice and Human Rights
260 ## - PUBLICATION, DISTRIBUTION, ETC.
Place of publication, distribution, etc. New Delhi, India
Name of publisher, distributor, etc. Konark Publishers PVT Ltd.
Date of publication, distribution, etc. 2001
300 ## - PHYSICAL DESCRIPTION
Extent x, 219 pages
Dimensions 22 cm
650 ## - SUBJECT ADDED ENTRY--TOPICAL TERM
Source of heading or term Criminal Juatice
Form subdivision India
942 ## - ADDED ENTRY ELEMENTS (KOHA)
Source of classification or shelving scheme Library of Congress Classification
Koha item type Books
Suppress in OPAC No
999 ## -
-- 961
-- 961
Holdings
Withdrawn status Lost status Source of classification or shelving scheme Damaged status Not for loan Collection Home library Current library Shelving location Date acquired Total checkouts Full call number Barcode Date last seen Copy number Price effective from Koha item type
    Library of Congress Classification     Non-fiction Law Library (Christ Temple) Law Library (Christ Temple) General stacks 12/14/2024   KNS4606.52 BHA llct00000131 12/14/2024 2 12/14/2024 Books
    Library of Congress Classification     Non-fiction Law Library (Christ Temple) Law Library (Christ Temple) General stacks 12/14/2024   KNS4606.52 BHA llct00000132 12/14/2024 3 12/14/2024 Books
    Library of Congress Classification     Non-fiction Law Library (Miotso) Law Library (Miotso) General stacks 11/09/2024   KNS4606.52 BHA LLM00000780 11/09/2024 1 11/09/2024 Books
© 2023-2024 Copyright: Central University Libraries. All Rights Reserved | Created by: Mahone Tech Office